Países da Europa por ordem crescente de letras - Statistics

Estatísticas Gerais
  • Esse quiz foi jogado 122 vezes
  • A pontuação média é 29 de 45
Estatísticas das Respostas
Letras Países % Correto
5 Malta
92%
5 Suíça
91%
6 França
84%
6 Itália
73%
7 Albânia
72%
6 Grécia
72%
7 Espanha
70%
8 Alemanha
69%
7 Áustria
69%
7 Bélgica
69%
6 Rússia
69%
6 Suécia
69%
7 Ucrânia
69%
6 Sérvia
68%
7 Andorra
66%
6 Kosovo
66%
7 Croácia
65%
7 Estónia
65%
7 Letónia
65%
8 Lituânia
65%
8 Portugal
65%
10 Reino Unido
65%
6 Mónaco
64%
8 Vaticano
64%
9 Dinamarca
62%
10 Eslováquia
62%
9 Eslovénia
62%
7 Hungria
62%
10 Luxemburgo
62%
7 Polónia
62%
7 Irlanda
61%
13 Liechtenstein
61%
16 Macedónia do Norte
61%
7 Noruega
61%
9 Finlândia
59%
9 San Marino
59%
18 Bósnia e Herzegovina
58%
8 Bulgária
58%
10 Montenegro
58%
12 Países Baixos
58%
12 Bielorrussia
57%
8 Islândia
57%
14 República Checa
57%
8 Moldávia
55%
7 Roménia
55%
Nenhum quiz correspondente encontrado
Distribuição das Pontuações
Porcentagem de Pessoas com Cada Pontuação
Percentil de Números Respondidos
Sua Pontuação Histórica
Você não jogou esse quiz